| 000 -LEADER |
| fixed length control field |
00638nam a22002057a 4500 |
| 003 - CONTROL NUMBER IDENTIFIER |
| control field |
OSt |
| 005 - DATE AND TIME OF LATEST TRANSACTION |
| control field |
20230110100639.0 |
| 008 - FIXED-LENGTH DATA ELEMENTS--GENERAL INFORMATION |
| fixed length control field |
210226s1988 ||||| |||| 00| 0 eng d |
| 040 ## - CATALOGING SOURCE |
| Original cataloging agency |
eng |
| Language of cataloging |
eng |
| Transcribing agency |
DLC |
| Modifying agency |
eng |
| 041 ## - LANGUAGE CODE |
| Language code of text/sound track or separate title |
eng |
| 080 ## - UNIVERSAL DECIMAL CLASSIFICATION NUMBER |
| Universal Decimal Classification number |
61 |
| Item number |
C-96 |
| 100 ## - MAIN ENTRY--PERSONAL NAME |
| 9 (RLIN) |
1178 |
| Personal name |
Cushing, Harvey |
| 245 ## - TITLE STATEMENT |
| Title |
This Special Edition of Meningiomas |
| Statement of responsibility, etc. |
/ by: The Classics of Neurology and Neurosurgery Library |
| 260 ## - PUBLICATION, DISTRIBUTION, ETC. |
| Place of publication, distribution, etc. |
Birmingham, Alabama |
| Name of publisher, distributor, etc. |
The Classics of Neurology and Neurosurgery Library |
| Date of publication, distribution, etc. |
1988 |
| 300 ## - PHYSICAL DESCRIPTION |
| Extent |
785 p. |
| Other physical details |
ill. |
| 650 #0 - SUBJECT ADDED ENTRY--TOPICAL TERM |
| 9 (RLIN) |
69 |
| Topical term or geographic name entry element |
Medicine |
| 653 ## - INDEX TERM--UNCONTROLLED |
| Uncontrolled term |
მედიცინა |
| 700 ## - ADDED ENTRY--PERSONAL NAME |
| 9 (RLIN) |
1189 |
| Personal name |
Eisenhardt, Louise |
| 942 ## - ADDED ENTRY ELEMENTS (KOHA) |
| Source of classification or shelving scheme |
|
| Koha item type |
Books |